Congreso de la FIHPA
Publicado:
San Jorge, núm. 67 - 68 (2n semestre 1967), pàg 108 - 109 :
Otros Autores:
Congreso de la Federacion Internacional de Hosteleria al Aire Libre o de Cámping (2n : 1967 : Barcelona)
Materias:
Càmping -- Congressos
MARC
| LEADER | 00000nam a2200000Ia 4500 | ||
|---|---|---|---|
| 001 | |||
| 008 | 160829s9999 xx 000 0 cat d | ||
| 245 | |a Congreso de la FIHPA | ||
| 260 | |a San Jorge, núm. 67 - 68 (2n semestre 1967), pàg 108 - 109 | ||
| 650 | 0 | |a Càmping |v Congressos |9 29414 | |
| 700 | |a Congreso de la Federacion Internacional de Hosteleria al Aire Libre o de Cámping (2n : 1967 : Barcelona) |9 40356 | ||
| 901 | |a Arxiu | ||
| 942 | |n 1 | ||
| 952 | |0 0 |1 0 |4 0 |7 1 |9 49629 |a Arxiu |b Arxiu |d 2016-12-01 |l 0 |r 2016-12-01 00:00:00 |w 2016-12-01 |y ARXIU | ||
| 999 | |c 53471 |d 53471 | ||